Name That Movie Quiz Stats

 Plays Quiz Updated Jul 5, 2012

Support Sporcle.
Go Orange.
Score 0/40 Timer 07:00
6 Plays Today
Characters Movie % Correct
Dorothy Gale, Glinda, TotoThe Wizard of Oz
84.2%
Neo, Morpheus, TrinityThe Matrix
83.8%
Ron Burgundy, Brick Tamland, Veronica CorningstoneAnchorman: Legend of Ron Burgundy
83.3%
Danny Ocean, Rusty Ryan, Reuben TishkoffOceans Eleven
78.9%
Marty McFly, Emmett Brown, Biff TannenBack to the Future
76.4%
Jack Byrnes, Greg Focker, Pam ByrnesMeet the Parents
68%
Carrie Bradshaw, Samantha Jones, Charlotte YorkSex and the City
67.1%
John McClane, Hans Gruber, Al PowellDie Hard
60.4%
Tyler Durden, Marla Singer, Robert PaulsonFight Club
59.9%
Bruce Nolan, Grace Connelly, Evan BaxterBruce Almighty
56.1%
Tony Montana, Manny Ribera, Elvira HancockScarface
54.4%
Jack Dawson, Rose Bukater, 'Cal' HockleyTitanic
53.7%
Peter Gibbons, Michael Bolton, Bill LumberghOffice Space
51.5%
Andy Dufresne, 'Red' Redding, Warden NortonThe Shawshank Redemption
51.2%
Lloyd Christmas, Harry Dunne, Mary SwansonDumb and Dumber
49.1%
Ethan Hunt, Jim Phelps, Luther StickellMission: Impossible
42.9%
Vincent Vega, Jules Winnfield, Butch CoolidgePulp Fiction
41.4%
Ben Gates, Abigail Chase, Riley PooleNational Treasure
39.9%
'Bluto' Blutarsky, 'Otter' Stratton, Dean WormerAnimal House
37.8%
Sonny Koufax, Layla Maloney, Kevin GerrityBig Daddy
34%
Characters Movie % Correct
John Nash, Dr. Rosen, CharlesA Beautiful Mind
33.3%
Billy Costigan, Costello, DignamThe Departed
32.4%
Martin Riggs, Roger Murtaugh, Peter McAllisterLethal Weapon
32.3%
Ellen Ripley, Dwayne Hicks, Carter BurkeAliens
28.9%
Herman Boone, Bill Yoast, Gerry BertierRemember the Titans
28.7%
Jim Lovell, Fred Haise, Jack SwigertApollo 13
27.8%
Memphis Raines, Otto Halliwell, Sara 'Sway' WaylandGone in Sixty Seconds
26.6%
John Beckwith, Jeremy Grey, Claire ClearyWedding Crashers
26.1%
Paul Edgecomb, John Coffey, Percy WetmoreThe Green Mile
25.7%
Sheriff Ed Tom Bell, Anton Chigurh, Llewelyn MossNo Country for Old Men
25.6%
Brian O'Conner, Dominic Toretto, Johnny TranThe Fast and the Furious
24.4%
Tugg Speedman, Kirk Lazarus, Jeff PortnoyTropic Thunder
23.7%
Rick Blaine, Ilsa Lund, Victor LaszloCasablanca
21.6%
Lester Burnham, Ricky Fitts, Angela HayesAmerican Beauty
19.1%
Edward Lewis, Vivian Ward, Elizabeth StuckeyPretty Woman
15.2%
Dr. Malcolm Crowe, Cole Sear, Vincent GreyThe Sixth Sense
11.8%
Harry Pfarrer, Osbourne Cox, Chad FeldheimerBurn After Reading
10.3%
Jack Vincennes, Lynn Bracken, Bud WhiteL.A. Confidential
9.2%
Jimmy Markum, Dave Boyle, Sean DevineMystic River
7.3%
Frankie Dunn, Maggie Fitzgerald, Eddie Scrap-Iron DuprisMillion Dollar Baby
6.8%

You're not logged in!

Compare scores with friends on all Sporcle quizzes.
OR
Log In
Forgot?

From the Vault

Countries With Polar Bears

by statmaster

Geography 60s
You probably don't need to try Australia in this quiz.
Remove Ads.
Support Sporcle.
Get the best of Sporcle when you Go Orange. This ad-free experience offers more features, more stats, and more fun while also helping to support Sporcle. Thank you for becoming a member.

Show Comments

Extras

Top Quizzes Today


Score Distribution

Your Account Isn't Verified!

In order to create a playlist on Sporcle, you need to verify the email address you used during registration. Go to your Sporcle Settings to finish the process.

Report this User

Report this user for behavior that violates our Community Guidelines.

Details: